00980 a2200181 4500003000500000005001700005040000900022082001500031100002800046245005300074260002800127300001000155505044500165650001800610942001200628999001900640952013900659Nust20230119185202.0 cNust a808.82,JOS aJoseph ,Michael9107177 aShort Story Writing For Profit /cMichael Joseph aLondonbHutchinson & Co a230:p aForeword: Stacy Aumonier (Page-vii), Introductory Note (Page-xiii), The Magazine Story (Page-1), Plot (Page-18), The Composition of the Short Story, The Opening (Page-40), The Body of the Story (Page-63), The Climax (Page-86), Character (Page-103), Dialogue (Page-119), Style (Page-133), Local Colour and Some Types of Short Story (Page-143), A Short Story Analysed (Page-163), The Commercial Side (Page-179), What Editors Want (Page-193).  aStory9100639 2ddccBK c186820d186820 00102ddc4070aMCSbMCScGENd2016-12-12l1o808.82,JOSpMCS30044r2025-10-28s2025-10-28w2016-12-12yBKzAlmirah No.56, Shelf No.3